| 000 | 00499nam a2200181Ia 4500 | ||
|---|---|---|---|
| 999 |
_c16613 _d16613 |
||
| 003 | OSt | ||
| 005 | 20200606115945.0 | ||
| 008 | 190216s9999||||xx |||||||||||||| ||und|| | ||
| 020 | _a8189545108 | ||
| 040 | _cMESKC library | ||
| 082 |
_a891.433 _bNAY/A |
||
| 100 |
_aNayyar, Ramesh _9194 |
||
| 245 | 0 |
_aAlif Laia / _cRamesh Nayyar |
|
| 260 |
_bSadakshi Prakashan, _c2008. _aRaypur : |
||
| 300 | _a264p | ||
| 650 | _aHindi | ||
| 942 |
_cBK _2ddc _h891.433 _iNAY/A _k891.433 _mNAY/A |
||